Test Your Professional English Marketing. (Record no. 115)

MARC details
005 - DATE AND TIME OF LATEST TRANSACTION
control field 20250617165115.0
020 ## - INTERNATIONAL STANDARD BOOK NUMBER
International Standard Book Number 978-0-582-45150-6
082 ## - DEWEY DECIMAL CLASSIFICATION NUMBER
Classification number 658.8 SWE
100 ## - MAIN ENTRY--PERSONAL NAME
Author name SWEENEY, S.
245 ## - TITLE STATEMENT
Title Test Your Professional English Marketing.
260 ## - PUBLICATION, DISTRIBUTION, ETC.
Place of publication, distribution, etc. England,
Name of publisher, distributor, etc. Pearson Education Ltd,
Date of publication, distribution, etc. 1996.
300 ## - PHYSICAL DESCRIPTION
Extent vi,106p.: ill.; map, picture, table,
Dimensions 23cm.
856 ## - ELECTRONIC LOCATION AND ACCESS
Link text Access online book
Electronic name Test Your Professional English Marketing
Path www.penguinenglish.com
942 ## - ADDED ENTRY ELEMENTS (KOHA)
Source of classification or shelving scheme Dewey Decimal Classification
Koha item type Books
Holdings
Date last seen Total checkouts Full call number Barcode Cost, replacement price Price effective from Koha item type Lost status Source of classification or shelving scheme Damaged status Not for loan Withdrawn status Home library Current library Shelving location Date acquired Cost, normal purchase price
03/06/2025   658.8 SWE 000000697 119760.00 03/06/2025 Books   Dewey Decimal Classification       College of Business Education Main Library College of Business Education Main Library General Collection 03/06/2025 39920.00